| 000 | 00611nam a22002297a 4500 | ||
|---|---|---|---|
| 001 | 000332 | ||
| 003 | DO-SdBNP | ||
| 005 | 20180125122800.0 | ||
| 007 | 000332 | ||
| 008 | 160628b 1968 sp |||| 00| 0 spa d | ||
| 040 |
_aBPMSU _bspa _cBPMSU |
||
| 092 |
_aXXXXX _bXXXXX |
||
| 100 | 1 | _aVerdejo, Carmiña | |
| 245 | 1 | 0 |
_aEdison / _cCarmiña Verdejo. |
| 260 |
_aBarcelona : _bRamon Sopena, _c1968. |
||
| 300 |
_a175 p. ; _c18 cm. |
||
| 490 | 1 | _aBiblioteca Sopena | |
| 830 | 0 | _p Biblioteca Sopena | |
| 942 |
_2ddc _cBK |
||
| 945 | _aInventariado extranjero / 2018 VM | ||
| 956 |
_2LOPEREZ _310 _620160628 _8BPMSU _a00041 |
||
| 999 |
_c10622 _d10622 |
||